Principles of accounting
Guardat en:
| Autors principals: | , |
|---|---|
| Format: | Llibre |
| Idioma: | anglès |
| Publicat: |
Filadelfia
W. B. Saunders
1976
|
| Matèries: | |
| Etiquetes: |
Afegir etiqueta
Sense etiquetes, Sigues el primer a etiquetar aquest registre!
|
MARC
| LEADER | 00000nam a2200000 a 4500 | ||
|---|---|---|---|
| 001 | UCQ0295 | ||
| 003 | CL-VaPUC | ||
| 008 | 980627e19760000US |||||||||||||||||eng|d | ||
| 082 | 0 | 4 | |a 657 |b MET |2 21 |
| 100 | |a Metcalf, Richard W. |e autor |9 413485 | ||
| 700 | 0 | |a Titard, Pierre L |e author |9 413484 | |
| 245 | 1 | 0 | |a Principles of accounting |
| 300 | |a 1023 p | ||
| 942 | |c BK | ||
| 945 | |d 19980627 00:00:00 |a cmena | ||
| 260 | |a Filadelfia |b W. B. Saunders |c 1976 | ||
| 650 | 0 | |a Contabilidad |9 261430 | |
| 650 | 0 | |a Toma de decisiones |9 257530 | |
| 650 | 0 | |a Administración financiera |9 261146 | |
| 650 | 7 | |a CONTADORES |2 CL-VaPUC |9 307177 | |
| 650 | 0 | |a Estados de cuentas |9 352305 | |
| 650 | 7 | |a PRESUPUESTO |2 CL-VaPUC |9 306206 | |
| 650 | 0 | |a Contabilidad de costos |9 260564 | |
| 583 | |a last modification |c 19980627 00:00:00 |k Rodrigo Vera | ||
| 999 | |c 271434 |d 271432 | ||
| 952 | |0 0 |1 0 |4 0 |6 657_000000000000000_MET_1976 |7 0 |8 P |9 306083 |a BIBGIM |b BIBGIM |d 2019-11-20 |i 1428098 |o 657 MET 1976 |p 1428098 |r 2025-01-15 |w 2019-11-20 |y BK |k COM | ||